Serotonin- girl in red - Statistics

General Stats
  • This quiz has been taken 38 times
  • The average score is 211 of 270
Answer Stats
Answer % Correct
I
100%
I'm
100%
la-ba-deh-deh-ba-deh
100%
of
100%
on
100%
running
100%
serotonin
100%
in
97%
low
97%
ba-da
94%
intrusive
94%
Like
94%
like
94%
Like,
94%
my
94%
My
94%
off
94%
thoughts
94%
cutting
91%
Da-da-da-brah-la-da-da
91%
go
91%
got
91%
a
88%
ah-da
88%
bus
88%
do
88%
me
88%
me?
88%
the
88%
Chemical
84%
front
84%
hands
84%
no
84%
things
84%
this
84%
feelings
81%
get
81%
it
81%
it,
81%
make
81%
stop
81%
stop?
81%
to
81%
with
81%
can
78%
hair
78%
how
78%
imbalance
78%
inside
78%
jumping
78%
So
78%
so
78%
terrified
78%
There's
78%
there's
78%
these
78%
twisting
78%
what's
78%
can't
75%
deep,
75%
From
75%
hide
75%
medicine
75%
mind
75%
Stabilize
75%
When
75%
crazy
72%
daisies
72%
Dig
72%
ever
72%
but
69%
But
69%
corners
69%
don't
69%
don't,
69%
end
69%
field
69%
fucking
69%
gonna
69%
I'll
69%
lose
69%
love
69%
save
69%
baby
66%
burning
66%
control,
66%
crying
66%
is
66%
maybe
66%
somebody
66%
take
66%
try
66%
depth
63%
does
63%
let
63%
not
63%
only
63%
Please
63%
Put
63%
scared
63%
something
63%
stupid
63%
work,
63%
doing
59%
feels
59%
hurting
59%
Incredibly
59%
Might
59%
Oh,
59%
wanna
59%
be
56%
brush
56%
capitulating,
56%
impulsive
56%
really
56%
Yeah,
56%
breaking
53%
daily
53%
Every
53%
heart
53%
inner
53%
contain
50%
gets
50%
hates
50%
It's
50%
saying
50%
voice
50%
failing
47%
night,
47%
therapist
47%
been
41%
draining
41%
contemplating
38%
miss
31%
"tough"
25%
Kan man ikke, kan man kjenne i hjertet at, hvis man får blodpropp? Jeg følte liksom flere ganger at hjertet mitt slutta å slå at, og sånn at Eller, som jeg fortalte, at jeg ble helt sånn tung og rar i kroppen
19%
sick,
16%
No matching quizzes found
Score Distribution
Percent of People with Each Score
Percentile by Number Answered
Your Score History
You have not taken this quiz